[Event "Outaouais op U1500"]
[Site "Gatineau"]
[Date "2015.06.06"]
[Round "3"]
[White "Gu, Shougan"]
[Black "Gunn, Richard"]
[Result "1-0"]
[WhiteElo "943"]
[BlackElo "1285"]
[PlyCount "46"]
[EventDate "2015.06.05"]
[EventType "swiss"]
[EventRounds "5"]
[EventCountry "CAN"]
[SourceTitle "EXT 2019"]
[Source "ChessBase"]
[SourceDate "2018.10.10"]
[SourceVersion "1"]
[SourceVersionDate "2018.10.10"]
[SourceQuality "1"]

1. e4 b6 2. d4 Bb7 3. Nc3 e6 4. Bf4 Bb4 5. f3 Nf6 6. Bc4 d5 7. exd5 Nxd5 8. Nge2 Qh4+ 9. g3 Qh3 10. Qd3 Nd7 11. 0-0-0 Bxc3 12. Nxc3 Nxf4 13. gxf4 Qxf3 14. Rhf1 Qh5 15. Qg3 Qh6 16. Rfe1 Nf6 17. d5 Nh5 18. Qg4 Nxf4 19. Rd2 Nxd5 20. Bxd5 Bxd5 21. Nxd5 0-0-0 22. Ne3 Rxd2 23. Kxd2 Qxh2+ 1-0

[Event "Outaouais op U1500"]
[Site "Gatineau"]
[Date "2015.06.06"]
[Round "2"]
[White "Gu, Shougan"]
[Black "Richard, Leo"]
[Result "0-1"]
[WhiteElo "943"]
[BlackElo "1212"]
[PlyCount "68"]
[EventDate "2015.06.05"]
[EventType "swiss"]
[EventRounds "5"]
[EventCountry "CAN"]
[SourceTitle "EXT 2019"]
[Source "ChessBase"]
[SourceDate "2018.10.10"]
[SourceVersion "1"]
[SourceVersionDate "2018.10.10"]
[SourceQuality "1"]

1. d4 Nf6 2. c4 g6 3. Nc3 Bg7 4. Nf3 0-0 5. Bg5 d6 6. g3 c6 7. Bg2 Qc7 8. 0-0 c5 9. Qb3 Nc6 10. d5 Na5 11. Qa4 Bd7 12. Nb5 Qb6 13. b3 a6 14. b4 Nxc4 15. Rac1 Ne5 16. Qc2 Nxf3+ 17. Bxf3 axb5 18. bxc5 Qc7 19. cxd6 Qxc2 20. Rxc2 exd6 21. e4 Rfc8 22. Re2 Bg4 23. Bxg4 Nxg4 24. h3 Ne5 25. f4 Nd7 26. Rb1 Rc5 27. g4 Rac8 28. f5 Ne5 29. Be3 Nf3+ 30. Kf2 Nd4 31. Rd2 Rc2 32. Rxc2 Rxc2+ 33. Kg3 Be5+ 34. Kh4 Nf3# 0-1